000 00271nam a2200121Ia 4500
008 190216s9999||||xx |||||||||||||| ||und||
100 _aImmam Navavi
245 0 _aRiyadh-Al-Saliheen
260 _bAl Hind Book Stals
_c1979
300 _a66p
650 _aArabic
942 _cBK
999 _c242
_d242